|
|
|
|
| LEADER |
00000cam a22000004a 4500 |
| 001 |
musev2_68865 |
| 003 |
MdBmJHUP |
| 005 |
20230905051122.0 |
| 006 |
m o d |
| 007 |
cr||||||||nn|n |
| 008 |
130313s2013 ncu o 00 0 eng d |
| 020 |
|
|
|a 9780822398035
|
| 020 |
|
|
|z 9780822353997
|
| 020 |
|
|
|z 9780822353850
|
| 035 |
|
|
|a (OCoLC)1139361085
|
| 040 |
|
|
|a MdBmJHUP
|c MdBmJHUP
|
| 100 |
1 |
|
|a Myers, Ella,
|d 1976-
|e author.
|
| 245 |
1 |
0 |
|a Worldly Ethics :
|b Democratic Politics and Care for the World /
|c Ella Myers.
|
| 264 |
|
1 |
|a Durham [N.C.] :
|b Duke University Press,
|c 2013.
|
| 264 |
|
3 |
|a Baltimore, Md. :
|b Project MUSE,
|c 2020
|
| 264 |
|
4 |
|c ©2013.
|
| 300 |
|
|
|a 1 online resource (226 pages).
|
| 336 |
|
|
|a text
|b txt
|2 rdacontent
|
| 337 |
|
|
|a computer
|b c
|2 rdamedia
|
| 338 |
|
|
|a online resource
|b cr
|2 rdacarrier
|
| 505 |
0 |
0 |
|t Introduction : tracing the ethical turn --
|t Crafting a democratic subject? The Foucauldian ethics of self-care --
|t Levinasian ethics, charity, and democracy --
|t The democratic ethics of care for worldly things --
|t Partisanship for the world : tending to the world as home and in-between --
|t Epilogue : Self/other/world : forging connections and fostering democratic care.
|
| 520 |
|
|
|a Where most models of democratic ethics have focused on either care for the self or care for others, Ella Myers advocates an ethical approach to politics based on a collaborative care for the world.
|
| 588 |
|
|
|a Description based on print version record.
|
| 650 |
|
7 |
|a Society.
|2 ukslc
|
| 650 |
|
7 |
|a Anteilnahme
|2 gnd
|
| 650 |
|
7 |
|a Politische Beteiligung
|2 gnd
|
| 650 |
|
7 |
|a Politische Ethik
|2 gnd
|
| 650 |
|
7 |
|a Demokratie
|2 gnd
|
| 650 |
|
7 |
|a International relations
|x Moral and ethical aspects.
|2 fast
|0 (OCoLC)fst00977073
|
| 650 |
|
7 |
|a Democracy
|x Moral and ethical aspects.
|2 fast
|0 (OCoLC)fst00890091
|
| 650 |
|
7 |
|a Citizenship
|x Moral and ethical aspects.
|2 fast
|0 (OCoLC)fst00861924
|
| 650 |
|
7 |
|a PHILOSOPHY / Political
|2 bisacsh
|
| 650 |
|
7 |
|a POLITICAL SCIENCE
|x General.
|2 bisacsh
|
| 650 |
|
6 |
|a Participation politique
|x Aspect moral.
|
| 650 |
|
6 |
|a Relations internationales
|x Aspect moral.
|
| 650 |
|
0 |
|a Political participation
|x Moral and ethical aspects.
|
| 650 |
|
0 |
|a Citizenship
|x Moral and ethical aspects.
|
| 650 |
|
0 |
|a International relations
|x Moral and ethical aspects.
|
| 650 |
|
0 |
|a Democracy
|x Moral and ethical aspects.
|
| 655 |
|
7 |
|a Electronic books.
|2 local
|
| 710 |
2 |
|
|a Project Muse.
|e distributor
|
| 830 |
|
0 |
|a Book collections on Project MUSE.
|
| 856 |
4 |
0 |
|z Texto completo
|u https://projectmuse.uam.elogim.com/book/68865/
|
| 945 |
|
|
|a Project MUSE - Custom Collection
|